000 00517nam a2200181Ia 4500
005 20250923144433.0
008 008 250917s9999 xx 000 0 eng d
037 _aTextual
040 _aDSWL
_beng
_cDSWL
041 _aeng
_2eng
084 _aYz7, J0
_qDSWL
100 _aBecker, H
_9824884
245 0 _aThrough values to social interpretation
_cby H Becker
260 _aN.C.
_bDuke University Press
_c1950
300 _a341 p.
942 _cTEXL
_hYz7, J0
999 _c1438877
_d1438877